Autism Vocabulary: Click Quiz - Statistics

General Stats
  • This quiz has been taken 84 times
  • The average score is 11 of 15
Answer Stats
Hint Answer % Correct
A strong reaction to bright lights or loud noises, for example Hypersensitivity
88%
Describes a person who has both autism and ADHD AuDHD
78%
A person whose brain functions in a different way than the "typical" person Neurodivergent
75%
When a person, who can speak, becomes unable to verbalise in certain situations Situational mutism
74%
Abbreviation of "self-stimulatory behaviour", for example, repetitive movements or sounds Stimming
74%
An intense, involuntary reaction to overstimulation or feeling overwhelmed Meltdown
72%
A particular topic or subject that an autistic person is especially passionate about Special interest (SPIN)
72%
An approach to education that supports every child by recognising that all people have needs that must be addressed Universal Design for Learning (UDL)
72%
Repeating words or sounds that have been heard before Echolalia
71%
A slower rate of acquiring the skills typically gained during childhood, such as speech or gross motor function Developmental delay
70%
Using pre-practiced words or phrases in social situations Scripting
70%
Describing someone as "an autistic person" rather than "a person with autism" Identity-first language
67%
The acronym for the manual used by health professionals to diagnose autism DSM-5
62%
A strategy used by autistic people to help navigate social situations Masking
59%
An autistic person with exceptional ability in a certain skill Savant
58%
No matching quizzes found
Score Distribution
Percent of People with Each Score
Percentile by Number Answered
Your Score History
You have not taken this quiz